00471 a2200169 450000100060000002000180000604000240002410000190004824000320006724500270009930000070012636200090013365000310014294200070017395201040018099900170028447855 a9788591456604 cAnchieta - Aquarius aHeine, Palmira10aO pontinho desapontadolpor10aO pontinho desapontado a200 a2012 4aLiteratura infanto-juvenil cBK 00104070a87.1b87.1d2023-11-21l0o028.5 HEI PONp6926/AQUr2023-11-21 15:14:47w2023-11-21yBK c47855d47855